000 00451nam a2200145Ia 4500
008 230917s9999||||xx |||||||||||||| ||und||
040 _e172404
_aMAIN
041 _aEnglish
082 _a891.437731 SR77P
100 _aसुरीरवाला, रोशनलाल
245 0 _aपत्नीशरण गच्छामि
260 _aदिल्ली
_bप्रभात प्रकाशन
_c1976
300 _a207 p.
942 _cHN
999 _c182452
_d182452